[Event "DVM U12 2014"]
[Site "Verden/Aller GER"]
[Date "2014.12.29"]
[Round "5"]
[White "Kleine, Jakob"]
[Black "Ungerer, Tobias"]
[Result "1-0"]
[Termination "normal"]
[Board "7.4"]
[WhiteElo "1528"]
[BlackElo "1148"]
[WhiteTeam "TV Tegernsee"]
[BlackTeam "Schach-Kids Bernhausen"]
[PlyCount "72"]
[WhiteFideId "12979821"]
[BlackFideId "12970999"]
[EventCountry "GER"]
[EventRounds "7"]
[EventType "team-swiss"]
[EventDate "2014.12.26"]

1. e4 c5 2. Nf3 d6 3. c3 Nc6 4. d4 cxd4 5. cxd4 Nf6 6. Nc3 g6 7. Bc4 Bg7 8. Be3
Bg4 9. h3 Bd7 10. Ng5 e6 11. O-O O-O 12. Qd2 Re8 13. Nf3 Rc8 14. Rac1 Nxd4 15.
Qxd4 Ng4 16. Qd3 Nxe3 17. fxe3 d5 18. exd5 exd5 19. Bxd5 Bf5 20. e4 Be6 21. Kh1
Bh6 22. Rcd1 Qc7 23. Bxe6 Rcd8 24. Bd5 Qg3 25. Bxf7+ Kh8 26. Nd4 Qe5 27. Bxe8
Rxe8 28. Nf3 Qb8 29. Qd6 Qc8 30. Qd7 Qb8 31. Rd3 Bf4 32. Rfd1 Bc7 33. Nb5 Rd8
34. Qxd8+ Bxd8 35. Rxd8+ Qxd8 36. Rxd8+ Kg7 1-0

[Event "DVM U12 2014"]
[Site "Verden/Aller GER"]
[Date "2014.12.29"]
[Round "5"]
[White "Schlangenotto, Niklas"]
[Black "Chernykh, Arkady"]
[Result "1/2-1/2"]
[Termination "normal"]
[Board "8.1"]
[WhiteElo "1549"]
[BlackElo "1426"]
[WhiteTeam "SK Blauer Springer Paderborn"]
[BlackTeam "Karlsruher SF 1853"]
[PlyCount "58"]
[WhiteFideId "16217560"]
[BlackFideId "12989436"]
[EventCountry "GER"]
[EventRounds "7"]
[EventType "team-swiss"]
[EventDate "2014.12.26"]

1. d4 Nf6 2. c4 g6 3. Nc3 Bg7 4. Nf3 d6 5. g3 Nc6 6. Bg2 O-O 7. O-O e5 8. d5
Ne7 9. e4 Nd7 10. Ne1 f5 11. Nd3 Nf6 12. f3 Kh8 13. Be3 Nh5 14. Rb1 f4 15. Bf2
g5 16. g4 Nf6 17. b4 Bd7 18. c5 Ng6 19. a4 Qc8 20. h3 Kg8 21. Rc1 Rb8 22. b5
Be8 23. Re1 Rf7 24. Re2 a5 25. Rec2 b6 26. cxb6 cxb6 27. Na2 Nd7 28. Nb2 Bf8
29. Kh2 Nc5 1/2-1/2

[Event "DVM U12 2014"]
[Site "Verden/Aller GER"]
[Date "2014.12.29"]
[Round "5"]
[White "Fidlin, Simon"]
[Black "Stirnberg, Noah"]
[Result "0-1"]
[Termination "normal"]
[Board "8.2"]
[WhiteElo "1334"]
[BlackElo "1528"]
[WhiteTeam "Karlsruher SF 1853"]
[BlackTeam "SK Blauer Springer Paderborn"]
[PlyCount "114"]
[WhiteFideId "16217535"]
[BlackFideId "16207742"]
[EventCountry "GER"]
[EventRounds "7"]
[EventType "team-swiss"]
[EventDate "2014.12.26"]

1. e4 c5 2. Nf3 d6 3. d4 cxd4 4. Nxd4 Nf6 5. Nc3 a6 6. Be3 e5 7. Nf3 h6 8. Bc4
Be7 9. O-O Qc7 10. Qe2 Bg4 11. Bb3 Nbd7 12. h3 Be6 13. Rad1 b5 14. a3 Nb6 15.
Bxb6 Qxb6 16. Nd5 Bxd5 17. Bxd5 Nxd5 18. Rxd5 Rc8 19. Rfd1 Rc7 20. c3 O-O 21.
Kf1 Rfc8 22. Nd2 Qa5 23. c4 Qb6 24. cxb5 Rc1 25. Nb3 R8c2 26. Qf3 Rxd1+ 27.
Rxd1 Qxb5+ 28. Kg1 Rxb2 29. Nd2 Bg5 30. Qc3 Qe2 31. Qc8+ Bd8 32. Qxd8+ Kh7 33.
Rf1 Rxd2 34. Qd7 Qxe4 35. Qxf7 d5 36. Qe6 Rd4 37. Qxa6 Ra4 38. Qd6 d4 39. Qc5
d3 40. Qc3 Qd4 41. Qxd4 Rxd4 42. Rd1 e4 43. Kf1 Kg6 44. Ke1 Kf5 45. Kd2 Ra4 46.
Ra1 Kf4 47. Ra2 g5 48. Ra1 h5 49. Ra2 g4 50. hxg4 hxg4 51. Ra1 Rc4 52. Ra2 Ra4
53. Ra1 Ra5 54. a4 Ke5 55. Ke3 Rc5 56. a5 Rc2 57. a6 Re2# 0-1

[Event "DVM U12 2014"]
[Site "Verden/Aller GER"]
[Date "2014.12.29"]
[Round "5"]
[White "Brockhoff, Moritz"]
[Black "Kokschenev, Michael"]
[Result "1-0"]
[Termination "normal"]
[Board "8.3"]
[WhiteElo "1447"]
[BlackElo "1086"]
[WhiteTeam "SK Blauer Springer Paderborn"]
[BlackTeam "Karlsruher SF 1853"]
[PlyCount "89"]
[WhiteFideId "16214927"]
[BlackFideId "12983721"]
[EventCountry "GER"]
[EventRounds "7"]
[EventType "team-swiss"]
[EventDate "2014.12.26"]

1. d4 d5 2. Nf3 Nf6 3. Bf4 c5 4. c3 Qb6 5. Qc2 Bf5 6. Qxf5 e6 7. Qc2 Nc6 8. e3
c4 9. Nbd2 Be7 10. Be2 Qa6 11. O-O O-O 12. e4 b5 13. e5 Nd7 14. b3 Rab8 15. Ng5
Bxg5 16. Bxg5 h6 17. Bf4 Qc8 18. Bh5 Rb6 19. Qd1 Ne7 20. b4 Ra6 21. Qg4 Nf5 22.
Nf3 Qd8 23. g3 Kh7 24. Qh3 Kg8 25. Nh4 g5 26. Qg4 Kh7 27. Nxf5 exf5 28. Qxf5+
Kh8 29. Bd2 Qe7 30. f4 f6 31. Qg6 Qh7 32. Qxh7+ Kxh7 33. fxg5 hxg5 34. Bg4 Rf7
35. e6 Rf8 36. exd7 Rd8 37. Rae1 Rb6 38. Re8 Rbb8 39. Rfe1 Kg7 40. Rxd8 Rxd8
41. Re8 Rxd7 42. Bxd7 Kf7 43. Ra8 Kg6 44. Rxa7 Kh5 45. Bf5 1-0

[Event "DVM U12 2014"]
[Site "Verden/Aller GER"]
[Date "2014.12.29"]
[Round "5"]
[White "Fidlin, Maximilian"]
[Black "Janke, Julian"]
[Result "1/2-1/2"]
[Termination "normal"]
[Board "8.4"]
[WhiteElo "1051"]
[BlackElo "1192"]
[WhiteTeam "Karlsruher SF 1853"]
[BlackTeam "SK Blauer Springer Paderborn"]
[PlyCount "99"]
[WhiteFideId "12982555"]
[BlackFideId "16229185"]
[EventCountry "GER"]
[EventRounds "7"]
[EventType "team-swiss"]
[EventDate "2014.12.26"]

1. e4 d5 2. exd5 Qxd5 3. Nc3 Qd8 4. d4 Nf6 5. Bc4 e6 6. Nf3 Bd6 7. Bg5 Be7 8.
O-O a6 9. Re1 b5 10. Bd3 Bb7 11. h3 O-O 12. Qe2 h6 13. Bh4 Nbd7 14. Rad1 Qc8
15. Ne5 Re8 16. Qd2 Nxe5 17. dxe5 Nd5 18. Bxe7 Nxe7 19. Qe3 c5 20. Be4 Nf5 21.
Bxf5 exf5 22. Nd5 Qe6 23. Nc7 Qc6 24. Nd5 f6 25. e6 Bc8 26. e7 Ra7 27. f3 Rd7
28. Nf4 Kf7 29. Rxd7 Bxd7 30. Kf2 Qd6 31. Nd3 c4 32. Qc5 Qxc5+ 33. Nxc5 Bc8 34.
b3 Rxe7 35. Rxe7+ Kxe7 36. b4 Kd6 37. Ke3 a5 38. a3 g5 39. Kd4 axb4 40. axb4 h5
41. Ke3 Ke5 42. c3 g4 43. f4+ Kd5 44. hxg4 fxg4 45. g3 f5 46. Kf2 Kd6 47. Kg2
Ke7 48. Kf2 Kd6 49. Kg2 Ke7 50. Kf2 1/2-1/2

[Event "DVM U12 2014"]
[Site "Verden/Aller GER"]
[Date "2014.12.29"]
[Round "5"]
[White "Kitzig, Tobias"]
[Black "Kittelberger, Mattis"]
[Result "1-0"]
[Termination "normal"]
[Board "9.1"]
[WhiteElo "1442"]
[BlackElo "1564"]
[WhiteTeam "VfL 1990 Gera"]
[BlackTeam "SC Aurich"]
[PlyCount "147"]
[BlackFideId "12965103"]
[EventCountry "GER"]
[EventRounds "7"]
[EventType "team-swiss"]
[EventDate "2014.12.26"]

1. g3 c5 2. Bg2 Nc6 3. d3 g6 4. e4 Bg7 5. Ne2 d6 6. O-O e5 7. Nd2 Nge7 8. f4 f5
9. Kh1 O-O 10. fxe5 Bxe5 11. Nc4 Bg7 12. exf5 Nxf5 13. Bf4 d5 14. Nd2 Be5 15.
Re1 g5 16. Bxe5 Nxe5 17. Nc3 Qd6 18. Bxd5+ Kg7 19. Nce4 Qh6 20. Qe2 Nd4 21. Qe3
Ng4 22. Qxg5+ Qxg5 23. Nxg5 Nxc2 24. Ne6+ Bxe6 25. Bxe6 Nf2+ 26. Kg2 Nxa1 27.
Rxa1 Rae8 28. Bd5 Ng4 29. Bf3 Ne3+ 30. Kf2 Nc2 31. Rf1 Nd4 32. Kg2 Nxf3 33.
Rxf3 Rxf3 34. Kxf3 Rd8 35. Ke3 Kg6 36. Ne4 Re8 37. Kd2 b6 38. Nd6 Rd8 39. Nc4
Kf5 40. Ne3+ Kg5 41. Kc3 Re8 42. Kd2 h5 43. Nd5 Rd8 44. Ne3 h4 45. gxh4+ Kxh4
46. Nc4 Kh3 47. Ne5 b5 48. Kc3 b4+ 49. Kc4 Re8 50. Nc6 Re2 51. Kb3 a6 52. Na5
Re3 53. Kc4 Re2 54. Kb3 Kxh2 55. Nb7 Re5 56. Kc4 Re2 57. b3 Rc2+ 58. Kd5 Rxa2
59. Nxc5 Ra3 60. Kc4 a5 61. d4 Kg3 62. d5 Ra1 63. d6 Rd1 64. d7 Kg4 65. Kb5 Rd5
66. Kc6 Rd1 67. Kc7 Kf4 68. d8=Q Rxd8 69. Kxd8 Ke5 70. Kc7 Kd4 71. Kb6 a4 72.
bxa4 Kc4 73. a5 b3 74. Nxb3 1-0

[Event "DVM U12 2014"]
[Site "Verden/Aller GER"]
[Date "2014.12.29"]
[Round "5"]
[White "Rajendram, Reanosh"]
[Black "Herrmann, Nick"]
[Result "1-0"]
[Termination "normal"]
[Board "9.2"]
[WhiteElo "1249"]
[BlackElo "1235"]
[WhiteTeam "SC Aurich"]
[BlackTeam "VfL 1990 Gera"]
[PlyCount "71"]
[WhiteFideId "12965162"]
[BlackFideId "12971499"]
[EventCountry "GER"]
[EventRounds "7"]
[EventType "team-swiss"]
[EventDate "2014.12.26"]

1. e4 e6 2. Nf3 d5 3. Nc3 Nf6 4. e5 Nfd7 5. d4 c5 6. dxc5 Bxc5 7. Bd3 Nc6 8.
Bf4 b6 9. O-O Bb7 10. Re1 Qe7 11. Qe2 Nd4 12. Nxd4 Bxd4 13. Nb5 Qc5 14. Nd6+
Ke7 15. Nxb7 Qc7 16. Nd6 a6 17. c3 Bxe5 18. Bxe5 Nxe5 19. Qxe5 Qxd6 20. Qxd6+
Kxd6 21. Rac1 b5 22. b3 e5 23. f3 g6 24. c4 bxc4 25. bxc4 d4 26. c5+ Ke6 27.
Bc4+ Kd7 28. Rxe5 f6 29. Re6 Rac8 30. Rd6+ Kc7 31. Rxd4 Kb8 32. Bxa6 Rc7 33.
Rb1+ Ka7 34. Bf1 Ka8 35. Bc4 Rc6 36. Bd5 1-0

[Event "DVM U12 2014"]
[Site "Verden/Aller GER"]
[Date "2014.12.29"]
[Round "5"]
[White "Schulze, Nick"]
[Black "Abele, Anais"]
[Result "0-1"]
[Termination "normal"]
[Board "9.3"]
[WhiteElo "1288"]
[BlackElo "1105"]
[WhiteTeam "VfL 1990 Gera"]
[BlackTeam "SC Aurich"]
[PlyCount "60"]
[WhiteFideId "12971847"]
[BlackFideId "16208927"]
[EventCountry "GER"]
[EventRounds "7"]
[EventType "team-swiss"]
[EventDate "2014.12.26"]

1. d4 c5 2. Nf3 cxd4 3. Qxd4 Nc6 4. Qd1 d5 5. e3 Nf6 6. c4 e6 7. Nc3 Be7 8. b3
O-O 9. Bb2 dxc4 10. Bxc4 b6 11. O-O Bb7 12. Qe2 Qc7 13. Rac1 Rad8 14. Rfe1 Rd7
15. Nb5 Qb8 16. Nbd4 Nxd4 17. Bxd4 Ne4 18. Ne5 Rdd8 19. Bb5 Nf6 20. Ng4 Nd5 21.
Be5 Bd6 22. Nh6+ Kh8 23. Bxg7+ Kxg7 24. Qg4+ Kxh6 25. Qh4+ Kg7 26. Rc4 f5 27.
Qg5+ Kh8 28. a4 Rg8 29. Qh6 Ne7 30. Qf6+ Rg7 {Nicht weiter nachvollziehbar} 0-1

[Event "DVM U12 2014"]
[Site "Verden/Aller GER"]
[Date "2014.12.29"]
[Round "5"]
[White "Ufkes, Enno"]
[Black "Aniol, Adrian"]
[Result "1-0"]
[Termination "normal"]
[Board "9.4"]
[WhiteElo "968"]
[BlackElo "1339"]
[WhiteTeam "SC Aurich"]
[BlackTeam "VfL 1990 Gera"]
[PlyCount "85"]
[WhiteFideId "12974994"]
[BlackFideId "16229967"]
[EventCountry "GER"]
[EventRounds "7"]
[EventType "team-swiss"]
[EventDate "2014.12.26"]

1. e4 d5 2. exd5 Qxd5 3. Nc3 Qa5 4. Bc4 Nf6 5. Qe2 Bg4 6. f3 Bh5 7. d3 e6 8.
Bd2 c6 9. a3 Qc7 10. h3 h6 11. Ne4 Nbd7 12. Be3 Be7 13. O-O-O Nxe4 14. dxe4 O-O
15. g4 Bg6 16. h4 Bh7 17. g5 hxg5 18. hxg5 b5 19. Bd3 a5 20. Qh2 Qxh2 21. Rxh2
b4 22. a4 Rab8 23. f4 b3 24. c3 Bc5 25. Bd2 Rfd8 26. Bc4 Nb6 27. Bxb3 Bxe4 28.
Ne2 Rb7 29. Ng3 Bf3 30. Rf1 Bd5 31. Bxd5 Rxd5 32. b3 Ba3+ 33. Kc2 Nxa4 34. f5
exf5 35. Nxf5 Nc5 36. Rfh1 f6 37. g6 Rxd2+ 38. Rxd2 Rd7 39. Rxd7 Nxd7 40. Ra1
Bc5 41. Rxa5 Nb8 42. Rxc5 Kf8 43. Rxc6 {Rest nicht rekonstruierbar} 1-0

[Event "DVM U12 2014"]
[Site "Verden/Aller GER"]
[Date "2014.12.29"]
[Round "5"]
[White "Gkegkas, Michail"]
[Black "Diel, Tom"]
[Result "0-1"]
[Termination "normal"]
[Board "10.1"]
[WhiteElo "989"]
[BlackElo "1230"]
[WhiteTeam "SC Heitersheim"]
[BlackTeam "SV Lendersdorf 57"]
[PlyCount "82"]
[WhiteFideId "16251067"]
[BlackFideId "16258428"]
[EventCountry "GER"]
[EventRounds "7"]
[EventType "team-swiss"]
[EventDate "2014.12.26"]

1. e4 e5 2. Nf3 Nc6 3. Bc4 Bc5 4. O-O Nf6 5. Nc3 d6 6. h3 Be6 7. Bb3 O-O 8. d3
h6 9. Re1 a6 10. Nd5 Bxd5 11. Bxd5 Nxd5 12. exd5 Ne7 13. c4 Ng6 14. Be3 Bxe3
15. Rxe3 Nf4 16. d4 f6 17. b4 Qe8 18. Qc2 Qd7 19. Rae1 Rae8 20. Kh2 c6 21. dxc6
Qxc6 22. g3 Nd5 23. Re4 Nxb4 24. Qb3 a5 25. a3 Na6 26. Nh4 f5 27. R4e3 a4 28.
Qd3 e4 29. Qc3 Rf6 30. f3 d5 31. c5 Nc7 32. Qb2 Ne6 33. Qa2 Nxd4 34. fxe4 fxe4
35. Rxe4 Rxe4 36. Rxe4 Nb3 37. Rg4 Qxc5 38. Rxa4 Rf2+ 39. Qxf2 Qxf2+ 40. Ng2
Nd2 41. Rf4 Nf3+ 0-1

[Event "DVM U12 2014"]
[Site "Verden/Aller GER"]
[Date "2014.12.29"]
[Round "5"]
[White "Sorokin, Michael"]
[Black "Gkegkas, Viktor"]
[Result "1/2-1/2"]
[Termination "normal"]
[Board "10.2"]
[WhiteElo "1129"]
[BlackElo "1133"]
[WhiteTeam "SV Lendersdorf 57"]
[BlackTeam "SC Heitersheim"]
[PlyCount "40"]
[WhiteFideId "16229045"]
[BlackFideId "16247396"]
[EventCountry "GER"]
[EventRounds "7"]
[EventType "team-swiss"]
[EventDate "2014.12.26"]

1. e4 e5 2. Nf3 Nc6 3. Bc4 Bc5 4. d3 h6 5. c3 Nf6 6. O-O O-O 7. Be3 d6 8. Re1
Bg4 9. Nbd2 a6 10. Bb3 Na5 11. Nf1 Nxb3 12. axb3 Qe7 13. Ng3 Qd7 14. h3 Bxf3
15. Qxf3 Qe6 16. b4 Bb6 17. Bxb6 cxb6 18. d4 exd4 19. cxd4 Rfe8 20. Rad1 Qc4
1/2-1/2

[Event "DVM U12 2014"]
[Site "Verden/Aller GER"]
[Date "2014.12.29"]
[Round "5"]
[White "Rommel, Tobias"]
[Black "Klein-Uebbing, Niklas"]
[Result "1/2-1/2"]
[Termination "normal"]
[Board "10.3"]
[WhiteElo "989"]
[BlackElo "1143"]
[WhiteTeam "SC Heitersheim"]
[BlackTeam "SV Lendersdorf 57"]
[PlyCount "48"]
[EventCountry "GER"]
[EventRounds "7"]
[EventType "team-swiss"]
[EventDate "2014.12.26"]

1. e4 e5 2. Nf3 Nc6 3. Bc4 Bc5 4. Nc3 Nf6 5. d3 d6 6. Bg5 Be6 7. Bd5 Rb8 8. O-O
O-O 9. a3 Nd4 10. b4 Bb6 11. a4 Nxf3+ 12. Qxf3 a5 13. b5 Bd4 14. Ra3 Qe7 15.
Qg3 Rfc8 16. Ne2 Ba7 17. c3 c6 18. bxc6 bxc6 19. Ba2 Rb2 20. Re1 Rxa2 21. Rxa2
Bxa2 22. d4 Bc4 23. h3 Bxe2 24. Rxe2 Qe6 1/2-1/2

[Event "DVM U12 2014"]
[Site "Verden/Aller GER"]
[Date "2014.12.29"]
[Round "6"]
[White "Engel, Luis"]
[Black "Dietz, Florian"]
[Result "1-0"]
[Termination "normal"]
[Board "1.1"]
[WhiteElo "2113"]
[BlackElo "1805"]
[WhiteTeam "Hamburger SK von 1830"]
[BlackTeam "Reideburger SV 90 Halle"]
[PlyCount "99"]
[WhiteFideId "12961523"]
[BlackFideId "12939897"]
[EventCountry "GER"]
[EventRounds "7"]
[EventType "team-swiss"]
[EventDate "2014.12.26"]

1. e4 c5 2. Nf3 d6 3. Bb5+ Bd7 4. Bxd7+ Qxd7 5. O-O Nc6 6. c4 Nf6 7. Nc3 g6 8.
d4 cxd4 9. Nxd4 Bg7 10. Be3 O-O 11. f3 Rfc8 12. b3 Qd8 13. Qd2 Nd7 14. Rac1 Nc5
15. Rfd1 a5 16. Nd5 Ne5 17. Bg5 Bf8 18. Qe2 h6 19. Be3 Bg7 20. Nb5 Ra6 21. Bd4
Ne6 22. Bf2 Nc5 23. f4 Ned7 24. Bh4 Nf6 25. Bxf6 Bxf6 26. Nxf6+ exf6 27. e5 Qb6
28. Rxd6 Rc6 29. Kh1 f5 30. Qe3 Ne4 31. Qxb6 Raxb6 32. Rd8+ Kg7 33. Nc3 Nxc3
34. Rxc3 a4 35. Rd7 axb3 36. axb3 Ra6 37. h4 b5 38. c5 Ra3 39. Re3 Kf8 40. Red3
Rxc5 41. e6 Rc1+ 42. Kh2 Re1 43. Rxf7+ Ke8 44. Rdd7 Rxe6 45. Rh7 Ra8 46. Rb7
Kd8 47. Rxb5 h5 48. Rg7 Rc8 49. Ra5 Ke8 50. Rg8+ 1-0

[Event "DVM U12 2014"]
[Site "Verden/Aller GER"]
[Date "2014.12.29"]
[Round "6"]
[White "Post, Hugo"]
[Black "Pajeken, Jakob Leon"]
[Result "0-1"]
[Termination "normal"]
[Board "1.2"]
[WhiteElo "1760"]
[BlackElo "1730"]
[WhiteTeam "Reideburger SV 90 Halle"]
[BlackTeam "Hamburger SK von 1830"]
[PlyCount "38"]
[WhiteFideId "12962490"]
[BlackFideId "12942839"]
[EventCountry "GER"]
[EventRounds "7"]
[EventType "team-swiss"]
[EventDate "2014.12.26"]

1. e4 e5 2. Nf3 Nc6 3. Bc4 Bc5 4. c3 Nf6 5. d3 a6 6. O-O Ba7 7. Bb3 d6 8. Nbd2
O-O 9. Re1 Ng4 10. Re2 Kh8 11. h3 Nh6 12. Nf1 f5 13. Bg5 Qe8 14. Bxh6 gxh6 15.
exf5 Bxf5 16. d4 Bxh3 17. dxe5 Rxf3 18. gxf3 Qg6+ 19. Ng3 Qxg3+ 0-1

[Event "DVM U12 2014"]
[Site "Verden/Aller GER"]
[Date "2014.12.29"]
[Round "6"]
[White "Holinka, Henning"]
[Black "Henning, Marvin"]
[Result "1/2-1/2"]
[Termination "normal"]
[Board "1.3"]
[WhiteElo "1799"]
[BlackElo "1791"]
[WhiteTeam "Hamburger SK von 1830"]
[BlackTeam "Reideburger SV 90 Halle"]
[PlyCount "106"]
[WhiteFideId "12967084"]
[BlackFideId "12957399"]
[EventCountry "GER"]
[EventRounds "7"]
[EventType "team-swiss"]
[EventDate "2014.12.26"]

1. d4 d6 2. e4 g6 3. Nc3 Bg7 4. f4 Nf6 5. Nf3 a6 6. Bd3 c6 7. O-O O-O 8. h3 b5
9. a3 Nbd7 10. e5 Ne8 11. Be3 Bb7 12. Re1 Rc8 13. Ne4 c5 14. c3 cxd4 15. cxd4
dxe5 16. fxe5 Nc7 17. b4 Nd5 18. Bf2 Nf4 19. Bf1 Bxe4 20. Rxe4 Nd5 21. Qd2 e6
22. a4 Nc3 23. Re3 Nxa4 24. Rea3 Ndb6 25. Be3 Qd5 26. Bd3 Nc4 27. Bxc4 Rxc4 28.
Ne1 Rfc8 29. R3a2 Bf8 30. Nd3 Rc3 31. Nc5 Bxc5 32. bxc5 Qe4 33. Bh6 Rd3 34. Qg5
Qxd4+ 35. Kh1 Qd8 36. Qf4 Rd4 37. Qe3 Rd3 38. Qf4 Rd4 39. Qe3 Rd1+ 40. Kh2 Rxa1
41. Rxa1 f5 42. exf6 Qxf6 43. Rf1 Qe7 44. Bg5 Qd7 45. Bh6 Re8 46. Qf3 Qe7 47.
Bg5 Qf8 48. Qc6 Qxf1 49. Qxe8+ Qf8 50. Qxe6+ Qf7 51. Qc8+ Qf8 52. Qe6+ Qf7 53.
Qc8+ Qf8 1/2-1/2

[Event "DVM U12 2014"]
[Site "Verden/Aller GER"]
[Date "2014.12.29"]
[Round "6"]
[White "Schlosser, Justin"]
[Black "Engel, Robert"]
[Result "1/2-1/2"]
[Termination "normal"]
[Board "1.4"]
[WhiteElo "1360"]
[BlackElo "1742"]
[WhiteTeam "Reideburger SV 90 Halle"]
[BlackTeam "Hamburger SK von 1830"]
[PlyCount "87"]
[WhiteFideId "12993700"]
[BlackFideId "12974684"]
[EventCountry "GER"]
[EventRounds "7"]
[EventType "team-swiss"]
[EventDate "2014.12.26"]

1. e4 c5 2. Nf3 d6 3. c4 Nf6 4. d3 g6 5. Nc3 Nc6 6. Be3 Bg7 7. g3 O-O 8. Bg2
Ng4 9. Qd2 Nxe3 10. Qxe3 Nd4 11. Qd2 Bd7 12. O-O a6 13. Nxd4 Bxd4 14. Ne2 Bg7
15. Rab1 Bc6 16. b4 b6 17. a3 Qc7 18. Rfd1 Rac8 19. Rbc1 Qb7 20. Rb1 Qc7 21.
Rbc1 f5 22. Nf4 Qd7 23. Nd5 Bxd5 24. exd5 e5 25. Qc2 Rfe8 26. Bh3 Qf7 27. Re1
Ra8 28. Bg2 g5 29. Qe2 Rf8 30. Bh3 Qg6 31. Rcd1 Rae8 32. Qe3 g4 33. Bg2 f4 34.
Qe4 Qf7 35. Rf1 f3 36. Bh1 Qh5 37. h4 gxh3 38. Kh2 Rf6 39. Qe1 e4 40. dxe4 Qg4
41. Rc1 Rxe4 42. Qd2 Rg6 43. Qd3 Be5 44. Qxf3 1/2-1/2

[Event "DVM U12 2014"]
[Site "Verden/Aller GER"]
[Date "2014.12.29"]
[Round "6"]
[White "Garbuz, Vitaliy"]
[Black "Wong, Gengchun"]
[Result "0-1"]
[Termination "normal"]
[Board "2.1"]
[WhiteElo "1920"]
[BlackElo "1989"]
[WhiteTeam "SF Brackel 1930"]
[BlackTeam "SV Dresden-Leuben"]
[PlyCount "108"]
[WhiteFideId "12990710"]
[BlackFideId "12963283"]
[EventCountry "GER"]
[EventRounds "7"]
[EventType "team-swiss"]
[EventDate "2014.12.26"]

1. e4 d5 2. exd5 Qxd5 3. Nc3 Qa5 4. Nf3 Nf6 5. Be2 c6 6. O-O Qc7 7. d4 Bf5 8.
Be3 e6 9. h3 Nbd7 10. Bd3 Bxd3 11. Qxd3 Bd6 12. Rfe1 O-O 13. Rad1 Rfd8 14. Ng5
Nf8 15. Nce4 Nxe4 16. Qxe4 h6 17. Nf3 Qa5 18. Qg4 Ng6 19. h4 h5 20. Qg5 Qxg5
21. Bxg5 Be7 22. g3 Bxg5 23. Nxg5 Rd7 24. Rd3 Rad8 25. Red1 Ne7 26. Kf1 Nf5 27.
Nf3 Kf8 28. Ke2 Ke7 29. c3 Kf6 30. Ng5 b5 31. Ne4+ Ke7 32. Nc5 Rd5 33. Nb7 Rb8
34. Na5 Kd7 35. Nb3 Nd6 36. Nc5+ Ke7 37. b3 a5 38. a3 Kd8 39. Kf3 Ke7 40. Ke2
Re8 41. Re1 Kd8 42. f4 Kc7 43. Kf3 Nf5 44. Re5 Red8 45. Rd1 Kb6 46. Rde1 b4 47.
axb4 axb4 48. Rxd5 Rxd5 49. cxb4 Nxd4+ 50. Kg2 Nc2 51. Na4+ Kc7 52. Re4 Rd2+
53. Kh1 Nd4 54. Nc5 Nf3 0-1

[Event "DVM U12 2014"]
[Site "Verden/Aller GER"]
[Date "2014.12.29"]
[Round "6"]
[White "Bui, Hai Lam"]
[Black "Kracht, Raphael"]
[Result "1/2-1/2"]
[Termination "normal"]
[Board "2.2"]
[WhiteElo "1868"]
[BlackElo "1636"]
[WhiteTeam "SV Dresden-Leuben"]
[BlackTeam "SF Brackel 1930"]
[PlyCount "86"]
[WhiteFideId "12975737"]
[BlackFideId "16214382"]
[EventCountry "GER"]
[EventRounds "7"]
[EventType "team-swiss"]
[EventDate "2014.12.26"]

1. e4 e5 2. Nf3 Nc6 3. Nc3 Nf6 4. d4 exd4 5. Nxd4 Bb4 6. Nxc6 bxc6 7. Bd3 O-O
8. O-O Re8 9. Bg5 h6 10. Bxf6 Qxf6 11. Na4 d5 12. exd5 cxd5 13. a3 Bd6 14. Nc3
Bb7 15. Ne2 c6 16. Ng3 Rad8 17. c3 Kh8 18. Qg4 Bc8 19. Qd4 Qxd4 20. cxd4 Re7
21. Rfe1 Rde8 22. Kf1 g6 23. Rxe7 Rxe7 24. Re1 Rxe1+ 25. Kxe1 Kg7 26. Kd2 Kf6
27. Nf1 Bf5 28. Ba6 Ke7 29. g3 Kd8 30. Ne3 Be6 31. Kc3 Kc7 32. Be2 Kb6 33. Bf3
f5 34. b4 f4 35. Nc2 fxg3 36. fxg3 Be7 37. Ne1 Bg5 38. Nd3 Be3 39. g4 g5 40. h3
Kc7 41. Be2 Kd6 42. Bf3 Bf7 43. Ne5 Be6 1/2-1/2

[Event "DVM U12 2014"]
[Site "Verden/Aller GER"]
[Date "2014.12.29"]
[Round "6"]
[White "Wastian, Mareike"]
[Black "Bui, Ngoc Han Julia"]
[Result "0-1"]
[Termination "normal"]
[Board "2.3"]
[WhiteElo "1573"]
[BlackElo "1562"]
[WhiteTeam "SF Brackel 1930"]
[BlackTeam "SV Dresden-Leuben"]
[PlyCount "74"]
[WhiteFideId "12947423"]
[BlackFideId "12977055"]
[EventCountry "GER"]
[EventRounds "7"]
[EventType "team-swiss"]
[EventDate "2014.12.26"]

1. e4 c5 2. d4 cxd4 3. c3 dxc3 4. Nxc3 Nc6 5. Nf3 e6 6. Bc4 a6 7. O-O d6 8. Qe2
b5 9. Bb3 Ra7 10. Rd1 Rd7 11. Bf4 Bb7 12. Rac1 Be7 13. a3 Na5 14. Ba2 Nf6 15.
e5 dxe5 16. Bxe5 Nc6 17. Bf4 O-O 18. Ne5 Nxe5 19. Bxe5 Rxd1+ 20. Rxd1 Qa8 21.
f3 Rd8 22. Rc1 h6 23. Qc2 Qc8 24. Bg3 Qc5+ 25. Bf2 Qg5 26. Bg3 Rd2 27. Qb3
Rxg2+ 28. Kxg2 Qxc1 29. Ne2 Qd2 30. Kf1 Bd5 31. Qc3 Qd1+ 32. Be1 Bxa2 33. Qc8+
Kh7 34. Ng1 Bc4+ 35. Kf2 Qc2+ 36. Kg3 Bd6+ 37. f4 Ne4+ 0-1

[Event "DVM U12 2014"]
[Site "Verden/Aller GER"]
[Date "2014.12.29"]
[Round "6"]
[White "Wong, Kar Yan"]
[Black "Garbuz, Nicole"]
[Result "1-0"]
[Termination "normal"]
[Board "2.4"]
[WhiteElo "1312"]
[BlackElo "1440"]
[WhiteTeam "SV Dresden-Leuben"]
[BlackTeam "SF Brackel 1930"]
[PlyCount "61"]
[WhiteFideId "12971855"]
[BlackFideId "12990701"]
[EventCountry "GER"]
[EventRounds "7"]
[EventType "team-swiss"]
[EventDate "2014.12.26"]

1. Nf3 Nc6 2. d4 d5 3. e3 e6 4. c3 Nf6 5. Bd3 Be7 6. Nbd2 a6 7. O-O O-O 8. Qe2
b5 9. e4 dxe4 10. Nxe4 Bb7 11. Nxf6+ Bxf6 12. Qe4 g6 13. Qg4 Re8 14. Bc2 Nb8
15. Ne5 Bxe5 16. dxe5 Nd7 17. Bg5 Nxe5 18. Qf4 Qd5 19. f3 Qc5+ 20. Kh1 Nd7 21.
Rad1 Bc6 22. Bh6 Qe5 23. Qh4 Qh5 24. Qxh5 gxh5 25. Rd4 Nf6 26. Be4 Bd5 27. Bxd5
Nxd5 28. g4 c5 29. Re4 Nf6 30. Re5 hxg4 31. Rg5+ 1-0

[Event "DVM U12 2014"]
[Site "Verden/Aller GER"]
[Date "2014.12.29"]
[Round "6"]
[White "von Estorff, Jacob"]
[Black "Lieberwirth, Kasimir"]
[Result "1-0"]
[Termination "normal"]
[Board "3.1"]
[WhiteElo "1650"]
[BlackElo "1546"]
[WhiteTeam "Post SV Uelzen"]
[BlackTeam "SG Turm Leipzig"]
[PlyCount "95"]
[WhiteFideId "12974501"]
[BlackFideId "12988146"]
[EventCountry "GER"]
[EventRounds "7"]
[EventType "team-swiss"]
[EventDate "2014.12.26"]

1. e4 c5 2. Nf3 Nc6 3. d4 cxd4 4. Nxd4 e5 5. Nf3 Nf6 6. Nc3 Bb4 7. Bd3 d5 8.
exd5 Nxd5 9. Bd2 Bxc3 10. bxc3 O-O 11. O-O h6 12. h3 f5 13. Bc4 e4 14. Bxh6
Nce7 15. Bg5 exf3 16. Bxe7 Qxe7 17. Bxd5+ Be6 18. Re1 Rf6 19. Qxf3 Bxd5 20.
Qxd5+ Qf7 21. c4 Rc8 22. Re7 Qxd5 23. cxd5 Rxc2 24. Rxb7 Rd6 25. Rxa7 Rxd5 26.
Re1 Rdd2 27. Ree7 Rxf2 28. Rxg7+ Kf8 29. h4 f4 30. a4 f3 31. Raf7+ Ke8 32. Rxf3
Rfe2 33. Rgg3 Red2 34. Rf4 Ra2 35. Kh2 Rd5 36. Rg5 Rd6 37. h5 Ra6 38. Kh3 R2xa4
39. Rxa4 Rxa4 40. Rf5 Ra6 41. Kh4 Ke7 42. g4 Ke6 43. h6 Ra1 44. Kg5 Rh1 45. Kg6
Rh4 46. g5 Rh1 47. Rf6+ Ke7 48. h7 1-0